<?xml version="1.0" encoding="UTF-8"?><?xml-stylesheet type="text/xsl" href="static/style.xsl"?><OAI-PMH xmlns="http://www.openarchives.org/OAI/2.0/" xmlns:xsi="http://www.w3.org/2001/XMLSchema-instance" xsi:schemaLocation="http://www.openarchives.org/OAI/2.0/ http://www.openarchives.org/OAI/2.0/OAI-PMH.xsd"><responseDate>2026-04-18T21:40:06Z</responseDate><request verb="GetRecord" identifier="oai:riubu.ubu.es:10259/8795" metadataPrefix="marc">https://riubu.ubu.es/oai/request</request><GetRecord><record><header><identifier>oai:riubu.ubu.es:10259/8795</identifier><datestamp>2024-03-12T01:05:27Z</datestamp><setSpec>com_10259_3725</setSpec><setSpec>com_10259_5086</setSpec><setSpec>com_10259_2604</setSpec><setSpec>com_10259_4141</setSpec><setSpec>com_10259_6688</setSpec><setSpec>com_10259_4219</setSpec><setSpec>col_10259_3726</setSpec><setSpec>col_10259_4142</setSpec><setSpec>col_10259_6689</setSpec><setSpec>col_10259_4220</setSpec></header><metadata><record xmlns="http://www.loc.gov/MARC21/slim" xmlns:doc="http://www.lyncode.com/xoai" xmlns:xsi="http://www.w3.org/2001/XMLSchema-instance" xmlns:dcterms="http://purl.org/dc/terms/" xsi:schemaLocation="http://www.loc.gov/MARC21/slim http://www.loc.gov/standards/marcxml/schema/MARC21slim.xsd">
<leader>00925njm 22002777a 4500</leader>
<datafield tag="042" ind1=" " ind2=" ">
<subfield code="a">dc</subfield>
</datafield>
<datafield tag="720" ind1=" " ind2=" ">
<subfield code="a">González Santos, Josefa</subfield>
<subfield code="e">author</subfield>
</datafield>
<datafield tag="720" ind1=" " ind2=" ">
<subfield code="a">González Bernal, Jerónimo</subfield>
<subfield code="e">author</subfield>
</datafield>
<datafield tag="720" ind1=" " ind2=" ">
<subfield code="a">Fuente Anuncibay, Raquel de la</subfield>
<subfield code="e">author</subfield>
</datafield>
<datafield tag="720" ind1=" " ind2=" ">
<subfield code="a">Soto Cámara, Raúl</subfield>
<subfield code="e">author</subfield>
</datafield>
<datafield tag="720" ind1=" " ind2=" ">
<subfield code="a">Cubo Delgado, Esther</subfield>
<subfield code="e">author</subfield>
</datafield>
<datafield tag="720" ind1=" " ind2=" ">
<subfield code="a">Aguilar-Parra, José M.</subfield>
<subfield code="e">author</subfield>
</datafield>
<datafield tag="720" ind1=" " ind2=" ">
<subfield code="a">Trigueros Ramos, Rubén</subfield>
<subfield code="e">author</subfield>
</datafield>
<datafield tag="720" ind1=" " ind2=" ">
<subfield code="a">López Liria, Remedios</subfield>
<subfield code="e">author</subfield>
</datafield>
<datafield tag="260" ind1=" " ind2=" ">
<subfield code="c">2020-04</subfield>
</datafield>
<datafield tag="520" ind1=" " ind2=" ">
<subfield code="a">Objective: To compare cranial helmet therapy (CHT) and physiotherapy (PT) for the effective&#xd;
treatment of positional plagiocephaly in infants in terms of improving functional recovery. Methods:&#xd;
This was a prospective cohort study involving 48 infants between 5–10 months of age with cranial&#xd;
deformities. The Cranial Vault Asymmetry Index (CVAI) and the Brunet–Lezine scale were calculated&#xd;
at the initiation of the study and after 40 treatment sessions. Results: The infants’ first assessment&#xd;
showed a delay in overall development areas with a global developmental quotient (DQ) (posture,&#xd;
coordination, sociability, and language) of 80.15. Although developmental improvements were&#xd;
observed in both groups in the Brunet–Lezine scale after treatment, the MANCOVA test showed no&#xd;
significant differences (F(5) = 0.82, p = 0.506, eta2 = 0.09). The CVAI reduced to 4.07% during the final&#xd;
evaluation in the cranial helmet group and 5.85% in the physiotherapy group without any significant&#xd;
differences between the two therapies (p = 0.70). Conclusions: No statistically significant differences&#xd;
were found between CHT and PT. After treatment, improvements from baseline measurements were&#xd;
observed in each of the readings of cranial deformity.</subfield>
</datafield>
<datafield tag="024" ind2=" " ind1="8">
<subfield code="a">http://hdl.handle.net/10259/8795</subfield>
</datafield>
<datafield tag="024" ind2=" " ind1="8">
<subfield code="a">10.3390/ijerph17072612</subfield>
</datafield>
<datafield tag="024" ind2=" " ind1="8">
<subfield code="a">1660-4601</subfield>
</datafield>
<datafield ind1=" " ind2=" " tag="653">
<subfield code="a">Plagiocephaly</subfield>
</datafield>
<datafield ind1=" " ind2=" " tag="653">
<subfield code="a">Helmet</subfield>
</datafield>
<datafield ind1=" " ind2=" " tag="653">
<subfield code="a">Physiotherapy</subfield>
</datafield>
<datafield ind1=" " ind2=" " tag="653">
<subfield code="a">Intervention</subfield>
</datafield>
<datafield ind1=" " ind2=" " tag="653">
<subfield code="a">Treatment</subfield>
</datafield>
<datafield tag="245" ind1="0" ind2="0">
<subfield code="a">Infant Cranial Deformity: Cranial Helmet Therapy or Physiotherapy?</subfield>
</datafield>
</record></metadata></record></GetRecord></OAI-PMH>